| 000 | 00580cam a2200229 4500 | ||
|---|---|---|---|
| 008 | 090401t1997 xxu||||| |||| 00| 0 eng d | ||
| 020 | _a0471133922 | ||
| 035 | _a(Sirsi) u80146 | ||
| 041 | _aeng | ||
| 050 | _a658.8 | ||
| 100 | _aConnor, Dick | ||
| 245 | _aMarketing your consulting and professional services. | ||
| 250 | _a3rd ed. | ||
| 260 |
_aNew York _bJohn Wiley & Sons Ltd _c1997 |
||
| 300 | _axvii,266p. ; 24cm. | ||
| 350 | _a27.5 | ||
| 650 | _aMARKETING | ||
| 690 | _aPROFESSIONAL SERVICES | ||
| 700 | _aDavidson, Jeff | ||
| 942 | _n0 | ||
| 948 | _c07/08/1997 | ||
| 999 |
_c96598 _d96598 |
||